00523nam a22001697a 450000500170000001000150001702000260003203500140005803700130007208200120008524500550009726000370015227000600018930000350024950000490028470000200033320181215111835.0 aENG-119437 a9788193340868c950.00 aEN-102969 bDBAD/PUB a320.954 a8-11-2016 Rising India /cedited by Sangeeta Mohan aGhaziabadbKanhya Publishrc2017 aRTB 158, Royal Tower, Shipra SuncitybGhaziabade201010 avii, 288p. ;bill.c22cm (pbk) aIncludes bibliographical reference and index aMohan, Sangeeta